000 02641nam a22003137a 4500
001 4689
003 FISKH
005 20251218084643.0
008 240920b cb ||||| |||| 00| 0 eng d
020 _a9789996305849
040 _aFISKH
_bBilingal
_cFISKH
_dFISKH
050 _aPZ7
082 _a800
100 _aMathew, Bryony
_eauthor
245 _aស្កាយផតនៅភ្នំពេញ :
_bក្មេងស្រីដែលមានគំនិតគិតអស្ចារ្យម្នាក់ អាចក្លាយជាវិស្វករបានយ៉ាងដូចម្តេច​ /
_cនិពន្ធដោយ Bryony Mathew, គូររូបដោយ Seat Sopheap, ​បកប្រែ អ៊ូច សូដានី.
250 _aបោះពុម្ពលើកទី១ នៅកម្ពុជា​២០១៦
260 _aភ្នំពេញ :
_bអង្កការ Sipar ;
_c២០១៦​ .
300 _a32 unnumbered pages :
_bcolor illustrations ;
_c24 cm .
505 _aM
520 _aសៀវភៅគួរឲ្ស្រឡាញ់មួយនេះ បង្ហាញអំពីក្មេងស្រីគីរី ដែលបានរកឃើញថា វិស្វកម្មគឺជាអ្វីៗដែលអាចដោះស្រាយបញ្ហាក្នុងផ្ទះ ដើម្បីបញ្ចប់កិច្ចការនានារបស់នាងបាន ក្នុងពេលដែលនាងបន្តនូវអ្វីដែលនាងចូលចិត្ត៖ ការអានសៀវភៅ។ វិស្វកម្មគឺមាននៅក្នុងខ្ឡួនកុមារទាំងស្រីទាំងប្រុស ហើយរឿងនេះបង្ហាញថាមានបញ្ហានឹងមានស្រមើស្រមៃ ដើម្បីរកដំណោះស្រាយពិតប្រាកដ។
520 _aThis adorable book tells the story of a Kiri girl who discovers that engineering is the key for solving problems in the home to complete her chores while pursuing her favorite pastime: reading books.Engineering is present in children, both men and women, and this shows that there will be problems and fantasies to find real solutions.
521 8 _a530
_bLexile estimate
521 8 _aM
_bRaz-Plus
650 _aបោសផ្ទះ
_vរឿងនិទានកុមារ
650 _abroom the house
_vchildren's stories
700 _aSopheap, Seat
_eillustrator
942 _2ddc
_cKHB
_n0
999 _c4689
_d4689